Capitals of the Middle East - Statistics

General Stats
  • This quiz has been taken 100 times
  • The average score is 11 of 17
Answer Stats
Capital Country % Correct
Egypt Cairo
83%
Israel Jerusalem
83%
Iran Tehran
83%
United Arab Emirates Abu Dhabi
78%
Lebanon Beirut
76%
Iraq Baghdad
71%
Kuwait Kuwait City
68%
Saudi Arabia Riyadh
68%
Turkey Ankara
66%
Syria Damascus
66%
Qatar Doha
61%
Jordan Amman
59%
Cyprus Nicosia
54%
Oman Muscat
49%
Bahrain Manama
46%
Yemen Sanaa
44%
Palestine (de facto) Ramallah
17%
No matching quizzes found
Score Distribution
Percent of People with Each Score
Percentile by Number Answered
Your Score History
You have not taken this quiz